000 00770nam a2200253Ia 4500
001 967
003 GE_BSU
008 181216s||||||||xx |||||||||||||| ||und||
020 _a5691004956
040 _cGE_BSU
080 _a930(075.8)
100 _aЛеонтьев,Г.А.;Шорин,П.А.; Кобрин,В.Б.
245 _aВспомогательные исторические дисциплины
245 _bУч-к для студ. вуза
245 _cПод ред Г.А.Леонтьевой
260 _aМосква
260 _bВладос
260 _c2000
300 _a368стр.
541 _h12л.
653 _aВспомогательные исторические дисциплины
653 _aИстория
942 _cBK
999 _c35126
_d35126